000 00966nam a22002417a 4500
005 20240530110517.0
008 160207s2010 ua ao g b 000 0 ara d
017 _a2009/15577
_bمصر . دار الكتب المصرية
020 _a9771025244
040 _aEG-CaGPL
082 0 4 _221
_a531.6\
_bم و
100 0 _aمنير على الجنزورى .
245 1 2 _aالوقود الحيوى و مصادر الطاقة المتجددة :
_bنحو حل مشكلة الطاقة فى العالم /
_cمنير على الجنزورى .
250 _aط1.
260 _aالقاهرة :
_bدار الفكر العربى ،
_c2010 .
300 _a228 ص :
_bصور لو ؛
_c24 سم .
504 _aيشتمل على ارجاعات ببليوجرافية
650 0 4 _aالطاقة المتجددة .
650 0 4 _aالطاقة الحيوية .
650 0 4 _aالوقود الحيوى .
942 _2ddc
_cBK
999 _c61805
_d61805